000 01119nam a2200193Ii 4500
003 JO-AjNU
008 230605s9999||||xx |||||||||||||| ||und||
040 _aJO-AjNU
_bara
_erda
_cJO-AjNU
041 _aara
050 1 4 _aKMM44.5 1999
100 3 _aاعداد المكتب الفني بادارة ابراهيم ابو رحمة؛ عضوية: محمد استانبولي، دورين بطرس، نقابة المحامين,
_eauthor
_947348
245 0 0 _aالمبادئ القانونية لمحكمة التمييز في القضايا الحقوقية المنشورة في مجلة نقابة المحامين منذ بداية سنة 1996 حتى نهاية سنة 1999 (د-ع)، الجزء التاسع، القسم الثالث
264 3 1 _aعمان: نقابة المحامين، 1999
300 _aج9 ، القسم3(د-ع): 1361 -2066ص
336 _atext
_btxt
_2rdacontent
337 _aunmediated
_bn
_2rdamedia
338 _avolume
_bnc
_2rdacarrier
650 4 _aالمحاكم - القضايا الحقوقية - قوانين وتشريعات - الاردن - قانون مدني - الاردن
_947349
999 _aA20662
_c24230
_d24230